| 000 | 01048nas a2200277 4500 | ||
|---|---|---|---|
| 001 | BR8805509 | ||
| 003 | BR-BrBNA | ||
| 005 | 20231205091312.0 | ||
| 007 | ta | ||
| 008 | 230509b bl.|||p| |||| 00| 00por d | ||
| 040 |
_aBR-BrBNA _bpor _cBiblioteca Nacional de Agricultura |
||
| 041 | _a(Pt) | ||
| 072 | _aF30 | ||
| 100 | 1 | _aPinto, L.R.M. | |
| 100 | 1 | _aSilva, J.C. | |
| 100 | 1 | _aSediyama, C.S. | |
| 100 | 1 | _aSilva, M. de A. e | |
| 245 | 1 | _aAvaliacao de oito variedades de milho em cruzamentos dialelicos, com analise das medias dos hibridos, das suas geracoes avancadas e das autofecundacoes | |
| 246 | 1 | _aEvaluation of eight maize varieties in a diallel design with an analysis of the means of hybrids, their advanced generations and inbreds | |
| 650 | _aMILHO | ||
| 650 | _aCRUZAMENTO DIALELICO | ||
| 650 | _aCOMPORTAMENTO DE VARIEDADE | ||
| 773 | 0 |
_tPesquisa Agropecuaria Brasileira (Brazil) _xISSN 0100-204X _g(Sep-Oct 1987), v. 22(9-10) p. 975-986 _wBR8805509 |
|
| 909 |
_a202311 _bLúcia _c55 _dLúcia Elande |
||
| 942 |
_2AGRIS _n0 _cANA |
||
| 999 |
_c124232 _d124232 |
||